| 000 | 00716nas a2200241 4500 | ||
|---|---|---|---|
| 001 | BR0808556 | ||
| 003 | BR-BrBNA | ||
| 005 | 20231205112857.0 | ||
| 007 | ta | ||
| 008 | 230509b bl.|||p| |||| 00| 00por d | ||
| 040 |
_aBR-BrBNA _bpor _cBiblioteca Nacional de Agricultura |
||
| 041 | _a(Pt) | ||
| 072 | _aQ02 | ||
| 100 | 1 | _aLima, M.V. | |
| 100 | 1 | _aVieira, H.D. | |
| 100 | 1 | _aMartins, M.L.L. | |
| 245 | 1 | _aCondutividade elétrica como indicador de café despolpado durante a desgomagem | |
| 650 | _aCAFÉ | ||
| 650 | _aFERMENTAÇÃO | ||
| 773 | 0 |
_tCiência Rural (Brazil) _xISSN 0103-8478 _g(Sep 2008), v. 38(6) p. 1765-1768 _wBR0808556 |
|
| 909 |
_a202311 _bLúcia _c55 _dLúcia Elande |
||
| 942 |
_2AGRIS _n0 _cANA |
||
| 999 |
_c200537 _d200537 |
||